[Event "Corum op"]
[Site "Corum"]
[Date "2016.05.28"]
[Round "9"]
[White "Sahin, Necati"]
[Black "Aytekin, Murat Eren"]
[Result "0-1"]
[WhiteElo "1575"]
[BlackElo "1899"]
[PlyCount "58"]
[EventDate "2016.05.23"]
[EventType "swiss"]
[EventRounds "9"]
[EventCountry "TUR"]
[SourceTitle "CBM 172 Extra"]
[Source "ChessBase"]
[SourceDate "2016.06.21"]
[SourceVersion "1"]
[SourceVersionDate "2016.06.21"]
[SourceQuality "1"]

1. d4 Nf6 2. c4 c5 3. e3 g6 4. Nf3 Bg7 5. Be2 0-0 6. 0-0 cxd4 7. exd4 d5 8. Nc3 Nc6 9. h3 dxc4 10. Bxc4 Na5 11. Be2 Be6 12. b3 Rc8 13. Bb2 Nd5 14. Nxd5 Bxd5 15. Qd2 Nc6 16. Rfd1 Qb6 17. Qe3 Nb4 18. Bd3 Nc2 19. Bxc2 Rxc2 20. Ba3 Bxf3 21. gxf3 Re8 22. Bc5 Qf6 23. Qd3 Qg5+ 24. Kf1 Rxc5 25. dxc5 Bxa1 26. Rxa1 Qxc5 27. Qd7 Kf8 28. Qxb7 Rd8 29. Ke2 Qe5+ 0-1